Statistiques concernant Les mots en "arrière-"

Cliquez ici pour prendre le quiz!

Statistiques générales

  • Ce quiz a été pris 89 fois
    (86 depuis la dernière actualisation)
  • Le résultat moyen est 4 sur 27

Statistiques - réponses

Mots commencant par "arrière-"% Correct
arrière-train
65%
arrière-grands-parents
61%
arrière-plan
39%
arrière-pensée
37%
arrière-garde
33%
arrière-petits-enfants
24%
arrière-cour
23%
arrière-boutique
21%
arrière-goût
15%
arrière-pays
15%
arrière-cuisine
12%
arrière-ban
11%
arrière-grand-oncle
11%
arrière-grand-tante
9%
arrière-fond
5%
arrière-main
4%
arrière-saison
3%
arrière-bec
1%
arrière-bouche
1%
arrière-corps
1%
arrière-gorge
1%
arrière-petit-neveu
1%
arrière-cerveau
0%
arrière-choeur
0%
arrière-faix
0%
arrière-petite-nièce
0%
arrière-vassal
0%

Distribution des résultats

Percentile par nombre de réponses

% des personnes avec chaque résultat

Votre développement - résultats

Vous n’avez pas pris ce quiz depuis la dernière actualisation